[Event "North American-ch U20"]
[Site "Charlotte"]
[Date "2020.12.22"]
[Round "7"]
[White "Quiroga Jaquez, Angel Ivan"]
[Black "Hamley, Ryan"]
[Result "1-0"]
[WhiteElo "2178"]
[BlackElo "2089"]
[PlyCount "89"]
[EventDate "2020.12.19"]
[EventType "swiss"]
[EventRounds "9"]
[EventCountry "USA"]
[SourceTitle "CBM 199 Extra"]
[Source "ChessBase"]
[SourceDate "2021.01.31"]
[SourceVersion "1"]
[SourceVersionDate "2021.01.31"]
[SourceQuality "1"]

1. Nf3 d5 2. b3 Bf5 3. Bb2 e6 4. g3 h6 5. Bg2 Nf6 6. 0-0 Be7 7. d3 0-0 8. Nbd2 Bh7 9. Re1 Nbd7 10. e4 dxe4 11. dxe4 Nc5 12. Ne5 c6 13. Qe2 Qc7 14. Rad1 Rad8 15. h4 Ncd7 16. Nd3 a5 17. f4 Nc5 18. Ne5 Na6 19. a3 Bc5+ 20. Kh2 Bd4 21. Bxd4 Rxd4 22. c3 Rdd8 23. b4 axb4 24. axb4 Nb8 25. Bf3 Nbd7 26. Nxd7 Rxd7 27. Nc4 Rfd8 28. Rxd7 Qxd7 29. Qf2 Qe7 30. e5 Nd5 31. Bxd5 Rxd5 32. Nd6 Rd3 33. Ra1 Bg6 34. Ra8+ Kh7 35. Qa7 Rxc3 36. Qb8 Rc2+ 37. Kg1 Bh5 38. Ra7 Rc1+ 39. Kf2 Rc2+ 40. Ke1 Re2+ 41. Kf1 Rd2 42. Rxb7 Rd1+ 43. Kf2 Rd2+ 44. Ke3 Re2+ 45. Kd3 1-0

[Event "North American-ch U20"]
[Site "Charlotte"]
[Date "2020.12.20"]
[Round "3"]
[White "Quiroga Jaquez, Angel Ivan"]
[Black "Liang, Jason"]
[Result "0-1"]
[WhiteElo "2178"]
[BlackElo "2317"]
[PlyCount "140"]
[EventDate "2020.12.19"]
[EventType "swiss"]
[EventRounds "9"]
[EventCountry "USA"]
[SourceTitle "CBM 199 Extra"]
[Source "ChessBase"]
[SourceDate "2021.01.31"]
[SourceVersion "1"]
[SourceVersionDate "2021.01.31"]
[SourceQuality "1"]

1. Nf3 d5 2. b3 e6 3. Bb2 Nf6 4. e3 b6 5. d4 Bb7 6. Bd3 Nbd7 7. 0-0 Be7 8. c4 0-0 9. Nc3 a6 10. Qe2 dxc4 11. bxc4 c5 12. Rfd1 Qc7 13. Ne5 cxd4 14. exd4 Nxe5 15. dxe5 Qc6 16. f3 Nh5 17. Be4 Qc7 18. g3 Rfd8 19. Bxb7 Qxb7 20. Ne4 Qc6 21. Kg2 Rac8 22. Rac1 Rxd1 23. Qxd1 Rd8 24. Qb3 f5 25. exf6 Nxf6 26. Qc3 Qd7 27. Re1 h6 28. Qe5 Qc6 29. Rc1 Rd3 30. Rc3 Rd1 31. Rc2 Kh7 32. Rd2 Rxd2+ 33. Nxd2 Qa4 34. a3 Qc2 35. Qd4 Bc5 36. Qc3 Qxc3 37. Bxc3 Bxa3 38. Kf2 Kg6 39. Ke2 Kf7 40. Kd3 Nd7 41. f4 Be7 42. Bd4 Bf6 43. Be3 Bb2 44. Kc2 Ba3 45. Ne4 Ke7 46. Bd4 Kf7 47. Kb3 Bc5 48. Kc3 Bxd4+ 49. Kxd4 Ke7 50. h3 Nf6 51. Nc3 Kd6 52. g4 g5 53. fxg5 hxg5 54. Na4 e5+ 55. Kd3 Kc6 56. Nc3 a5 57. Nb5 Kc5 58. Nc7 Kd6 59. Nb5+ Kc6 60. Nc3 Kd6 61. Na4 Nd7 62. Kc3 Kc6 63. Nb2 Nc5 64. Nd1 Kd6 65. Ne3 Ne4+ 66. Kb3 Kc5 67. Nf5 Nd2+ 68. Kc3 Nxc4 69. h4 gxh4 70. g5 Nd6 0-1

[Event "FISU World University"]
[Site "Tornelo INT"]
[Date "2020.10.28"]
[Round "7.24"]
[White "Quiroga Jaquez, Angel Ivan"]
[Black "Ruiz Olate, Emily Andrea"]
[Result "1-0"]
[WhiteElo "2178"]
[BlackElo "1866"]
[PlyCount "101"]
[EventDate "2020.10.26"]
[EventType "team-swiss (rapid)"]
[EventRounds "9"]
[EventCountry "NET"]
[SourceTitle "CBM 199 Extra"]
[Source "ChessBase"]
[SourceDate "2021.01.31"]
[SourceVersion "1"]
[SourceVersionDate "2021.01.31"]
[SourceQuality "1"]
[WhiteTeam "Mexico III"]
[BlackTeam "Chile IV"]
[WhiteTeamCountry "MEX"]
[BlackTeamCountry "CHI"]

1. Nf3 g6 2. d4 Bg7 3. g3 Nf6 4. Bg2 0-0 5. 0-0 d6 6. c4 Nc6 7. Nc3 a6 8. d5 Na5 9. Qd3 c5 10. dxc6 Nxc6 11. e4 Qa5 12. Bd2 Qh5 13. h4 Nb4 14. Qb1 Bg4 15. Nh2 Be6 16. Nd5 Nbxd5 17. cxd5 Bd7 18. Bf3 Bg4 19. Nxg4 Nxg4 20. Qd1 f5 21. exf5 gxf5 22. Qe2 Rae8 23. Rab1 Qg6 24. Bf4 h5 25. Rbc1 Kh7 26. Bxg4 fxg4 27. Rfe1 Bf6 28. Qe3 Rc8 29. b3 Qf7 30. Qe4+ Kh8 31. Qf5 Rxc1 32. Rxc1 Bd4 33. Qxf7 Rxf7 34. Rc7 b6 35. Rc4 Bf6 36. Be3 b5 37. Rc6 a5 38. Ra6 Bc3 39. Rb6 Rf5 40. Rxb5 e6 41. Rb8+ Kg7 42. dxe6 Re5 43. Rc8 Bb4 44. Bd4 Kf6 45. Bxe5+ dxe5 46. Rc6 Ke7 47. Kf1 Kf6 48. Ke2 Ke7 49. Kd3 Bd6 50. Ra6 Bc7 51. Ke4 1-0